000 00689nam a2200205Ia 4500
003 GCL
008 140319s9999 xx 000 0 ara d
020 _a7654101977
040 _aGCL /
_cGCL
082 0 4 _a812
_bا ش
100 1 _aاحمد خميس صادق
245 1 0 _aشجرة الدر /
_cاحمد خميس صادق
260 _aالقاهرة :
_bالهيئة المصرية العامة للكتاب ،
_c1999
300 _a70 ص ؛
_c20 سم
490 _aمسابقة تيمور للابداع المسرحى
_v0
650 0 4 _aالمسرحيات
650 0 4 _aالمسرحيات العربية - مصر
650 0 4 _aالمسرحيات - مسابقات
942 _2ddc
_cBK
999 _c6772
_d6772